000 00927nas a2200301 4500
001 BR0904288
003 BR-BrBNA
005 20231205113254.0
007 ta
008 230509b bl.|||p| |||| 00| 00por d
040 _aBR-BrBNA
_bpor
_cBiblioteca Nacional de Agricultura
041 _a(Pt)
072 _aL70
100 1 _aSouza, A.P.
100 1 _aNunes, N.
100 1 _aSantos, P.S.P.
100 1 _aNishimori, C.T.
100 1 _aPaula, D.P.
100 1 _aSilva, R.M.N.
245 1 _aEfeitos cardiovasculares e neuroendócrinos do butorfanol e da buprenorfina em cães anestesiados pelo desfluorano
650 _aCÃO
650 _aANESTESIA
650 _aVETERINÁRIA
650 _aHORMÔNIO
773 0 _tArquivo Brasileiro de Medicina Veterinária e Zootecnia (Brazil)
_xISSN 0102-0935
_g(Apr 2007), v. 59(2) p. 321-328
_wBR0904288
909 _a202311
_bLúcia
_c55
_dLúcia Elande
942 _2AGRIS
_n0
_cANA
999 _c202828
_d202828